| 000 | 011090000a22002770004500 | ||
|---|---|---|---|
| 999 |
_c46412 _d46412 |
||
| 001 | 20058 | ||
| 003 | CO-MdFUSB | ||
| 005 | 20180503125242.0 | ||
| 008 | 180502t1912 enk||||g |||| 00| 0 eng d | ||
| 040 |
_aCO-MdFUSB _bspa _cCO-MdFUSB _dCO-MdFUSB _erda |
||
| 041 | _aeng | ||
| 082 |
_224 _aG 225.92 _bS413p |
||
| 100 | 1 |
_aSchweitzer, Albert _eautor |
|
| 245 | 1 | 0 |
_aPaul and his interpreters _b: A critical history _c/ Albert Schweitzer, Traducido por W. Montgomery |
| 264 | 1 |
_aLondon : _bAdam and Charles Black, _c℗1912 |
|
| 300 |
_axi, 253 páginas _b: _c; |
||
| 336 |
_2rdacontent _atexto _btxt |
||
| 337 |
_2rdamedia _asin mediación _bn |
||
| 338 |
_2rdacarrier _avolumen _bnc |
||
| 501 | _aIncluye índice (p. 251-253) | ||
| 505 | 0 | _aLos inicios del método científico -- Baur y sus críticos -- Desde Baur a Holtzmann -- HJ Holtzmann -- Preguntas críticas e hipótesis -- La posición al comienzo del siglo XX -- Paulinismo y religión comparada -- Resumen y formulación del problema | |
| 563 | _aPasta dura | ||
| 653 | _aPablo, el apóstol, santo | ||
| 942 | _cBK | ||